Capoluoghi e Iniziali delle Regioni - Quiz n°3 - Statistics

Statistiche generali
  • Questo quiz è stato fatto 27 volte
  • Il punteggio medio è 9 su 10
Statistiche sulle risposte
Hint Risposta % Corretto
Monza L
100%
Caltanissetta S
100%
Crotone C
94%
Fermo M
94%
Barletta P
94%
Trento T
94%
Pisa T
94%
Chieti A
88%
Messina S
88%
Vicenza V
88%
Nessun quiz corrispondente trovato
Distribuzione punteggi
Percentuale di utenti per punteggio
Percentile per numero di risposta
I tuoi punteggi nel tempo
Non hai fatto questo quiz